[Event "O pohar mesta Klatov C - memorial Jarom"]
[Site "Klatovy, Czech Republic"]
[Date "2025.06.28"]
[Round "1.1"]
[White "Bazantova, Marie"]
[Black "Kopta, Pavel"]
[Result "0-1"]
[WhiteElo "1854"]
[BlackElo "2199"]
[PlyCount "90"]
[EventDate "2025.06.28"]

1. e4 {[%emt 0:00:04]} c5 {[%emt 0:00:08]} 2. c3 {[%emt 0:00:47]} d6 {
[%emt 0:00:44]} 3. d4 {[%emt 0:00:46]} Nf6 {[%emt 0:00:13]} 4. Bd3 {
[%emt 0:01:21]} Nc6 {[%emt 0:01:02]} 5. Nf3 {[%emt 0:01:12]} Bg4 {
[%emt 0:01:10]} 6. dxc5 {[%emt 0:02:27]} dxc5 {[%emt 0:01:22]} 7. O-O {
[%emt 0:01:18]} e6 {[%emt 0:01:35]} 8. h3 {[%emt 0:01:29]} Bh5 {[%emt 0:00:48]}
9. Qe2 {[%emt 0:04:13]} Qc7 {[%emt 0:06:40]} 10. Bg5 {[%emt 0:03:08]} Be7 {
[%emt 0:00:41]} 11. Nbd2 {[%emt 0:01:07]} Rd8 {[%emt 0:02:40]} 12. Qe3 {
[%emt 0:02:23]} O-O {[%emt 0:05:18]} 13. Bc2 {[%emt 0:03:11]} Bg6 {
[%emt 0:09:20]} 14. Bxf6 {[%emt 0:05:35]} gxf6 {[%emt 0:04:04]} 15. Rfe1 {
[%emt 0:03:33]} Kh8 {[%emt 0:05:53]} 16. Nf1 {[%emt 0:04:40]} Rg8 {
[%emt 0:03:43]} 17. Ng3 {[%emt 0:07:55]} Bd6 {[%emt 0:05:57]} 18. Nh2 {
[%emt 0:00:49]} Bf4 {[%emt 0:02:57]} 19. Qf3 {[%emt 0:01:25]} Rd2 {
[%emt 0:04:20]} 20. Bb3 {[%emt 0:05:19]} Bg5 {[%emt 0:01:57]} 21. Ngf1 {
[%emt 0:04:51]} Ne5 {[%emt 0:09:54]} 22. Qg3 {[%emt 0:01:56]} Rd3 {
[%emt 0:01:00]} 23. f3 {[%emt 0:01:11]} Bh5 {[%emt 0:06:43]} 24. Ng4 {
[%emt 0:03:46]} c4 {[%emt 0:11:43]} 25. Bc2 {[%emt 0:03:04]} Bxg4 {
[%emt 0:03:17]} 26. hxg4 {[%emt 0:00:42]} Qb6+ {[%emt 0:00:35]} 27. Qf2 {
[%emt 0:01:21]} Qxf2+ {[%emt 0:00:54]} 28. Kxf2 {[%emt 0:00:49]} Bh4+ {
[%emt 0:00:31]} 29. Ke2 {[%emt 0:01:32]} Bxe1 {[%emt 0:00:14]} 30. Rxe1 {
[%emt 0:01:12]} Rd6 {[%emt 0:00:40]} 31. Ne3 {[%emt 0:00:51]} b5 {
[%emt 0:01:14]} 32. a4 {[%emt 0:01:06]} a6 {[%emt 0:01:37]} 33. axb5 {
[%emt 0:01:09]} axb5 {[%emt 0:00:05]} 34. Ra1 {[%emt 0:00:40]} Rb8 {
[%emt 0:03:19]} 35. Ra7 {[%emt 0:03:23]} Kg7 {[%emt 0:00:29]} 36. f4 {
[%emt 0:02:15]} Nd3 {[%emt 0:02:40]} 37. f5 {[%emt 0:02:12]} Nxb2 {
[%emt 0:03:51]} 38. fxe6 {[%emt 0:00:18]} Rxe6 {[%emt 0:00:18]} 39. Nf5+ {
[%emt 0:00:32]} Kg6 {[%emt 0:01:43]} 40. Kf3 {[%emt 0:02:17]} Rd8 {
[%emt 0:03:48]} 41. Nd4 {[%emt 0:01:25]} Re5 {[%emt 0:01:48]} 42. Rb7 {
[%emt 0:02:20]} Rde8 {[%emt 0:06:17]} 43. Nxb5 {[%emt 0:01:10]} Nd3 {
[%emt 0:00:19]} 44. Bxd3 {[%emt 0:01:08]} cxd3 {[%emt 0:00:05]} 45. Nd6 {
[%emt 0:00:54]} d2 {[%emt 0:01:04]} 0-1

[Event "O pohar mesta Klatov C - memorial Jarom"]
[Site "Klatovy, Czech Republic"]
[Date "2025.06.28"]
[Round "1.2"]
[White "Sabol, Marian"]
[Black "Provaznik, Jan"]
[Result "1-0"]
[WhiteElo "2197"]
[BlackElo "1846"]
[PlyCount "79"]
[EventDate "2025.06.28"]

1. d4 {[%emt 0:00:16]} d5 {[%emt 0:00:21]} 2. c4 {[%emt 0:00:16]} e6 {
[%emt 0:00:37]} 3. Nf3 {[%emt 0:00:22]} Nf6 {[%emt 0:00:37]} 4. g3 {
[%emt 0:00:09]} b6 {[%emt 0:00:53]} 5. Bg2 {[%emt 0:01:21]} Bb7 {[%emt 0:00:32]
} 6. Ne5 {[%emt 0:00:34]} Be7 {[%emt 0:01:10]} 7. Nc3 {[%emt 0:00:42]} O-O {
[%emt 0:02:02]} 8. O-O {[%emt 0:00:07]} Nbd7 {[%emt 0:01:22]} 9. f4 {
[%emt 0:03:02]} Ne4 {[%emt 0:02:03]} 10. Qc2 {[%emt 0:10:05]} f5 {
[%emt 0:00:33]} 11. Nxe4 {[%emt 0:00:40]} dxe4 {[%emt 0:02:39]} 12. Rd1 {
[%emt 0:03:06]} Nf6 {[%emt 0:04:09]} 13. e3 {[%emt 0:01:20]} Qe8 {
[%emt 0:03:54]} 14. Qe2 {[%emt 0:00:53]} c5 {[%emt 0:03:39]} 15. b3 {
[%emt 0:01:19]} Rd8 {[%emt 0:05:30]} 16. Bb2 {[%emt 0:07:16]} Bd6 {
[%emt 0:02:57]} 17. a3 {[%emt 0:00:45]} Ba6 {[%emt 0:06:51]} 18. b4 {
[%emt 0:01:19]} Bb7 {[%emt 0:01:39]} 19. dxc5 {[%emt 0:00:58]} bxc5 {
[%emt 0:00:32]} 20. b5 {[%emt 0:01:53]} Qe7 {[%emt 0:07:49]} 21. h3 {
[%emt 0:02:15]} Nd7 {[%emt 0:04:58]} 22. Nxd7 {[%emt 0:13:12]} Rxd7 {
[%emt 0:00:48]} 23. Qc2 {[%emt 0:00:07]} Rfd8 {[%emt 0:03:49]} 24. Qc3 {
[%emt 0:02:10]} Bc7 {[%emt 0:02:21]} 25. Rxd7 {[%emt 0:00:15]} Rxd7 {
[%emt 0:01:34]} 26. Bf1 {[%emt 0:00:08]} Qf7 {[%emt 0:03:49]} 27. Be2 {
[%emt 0:01:13]} Bd8 {[%emt 0:02:15]} 28. Rd1 {[%emt 0:03:38]} Rxd1+ {
[%emt 0:05:06]} 29. Bxd1 {[%emt 0:00:07]} Qd7 {[%emt 0:04:23]} 30. Be2 {
[%emt 0:00:25]} Bf6 {[%emt 0:00:41]} 31. Qc2 {[%emt 0:00:07]} Kf7 {
[%emt 0:05:07]} 32. Bxf6 {[%emt 0:07:35]} gxf6 {[%emt 0:01:04]} 33. Qa4 {
[%emt 0:01:46]} Bc8 {[%emt 0:00:52]} 34. Qa5 {[%emt 0:00:11]} Kg6 {
[%emt 0:06:26]} 35. Kf2 {[%emt 0:00:55]} Qe7 {[%emt 0:01:15]} 36. Qd2 {
[%emt 0:05:11]} e5 {[%emt 0:01:22]} 37. Qd5 {[%emt 0:00:29]} Be6 {
[%emt 0:00:53]} 38. Qc6 {[%emt 0:00:23]} exf4 {[%emt 0:02:19]} 39. gxf4 {
[%emt 0:00:09]} Bc8 {[%emt 0:02:47]} 40. Qxc8 {[%emt 0:00:27]} 1-0

[Event "O pohar mesta Klatov C - memorial Jarom"]
[Site "Klatovy, Czech Republic"]
[Date "2025.06.28"]
[Round "1.3"]
[White "Vachal, Josef"]
[Black "Cakl, Zdenek"]
[Result "0-1"]
[WhiteElo "1845"]
[BlackElo "2155"]
[PlyCount "58"]
[EventDate "2025.06.28"]

1. d4 {[%emt 0:00:06]} Nf6 {[%emt 0:00:13]} 2. Nf3 {[%emt 0:00:15]} e6 {
[%emt 0:00:06]} 3. c4 {[%emt 0:00:24]} Bb4+ {[%emt 0:01:09]} 4. Bd2 {
[%emt 0:00:51]} Qe7 {[%emt 0:00:12]} 5. e3 {[%emt 0:02:33]} b6 {[%emt 0:03:06]}
6. Nc3 {[%emt 0:04:49]} Bb7 {[%emt 0:01:37]} 7. Bd3 {[%emt 0:02:18]} Bxc3 {
[%emt 0:01:49]} 8. Bxc3 {[%emt 0:01:30]} Ne4 {[%emt 0:00:13]} 9. O-O {
[%emt 0:02:36]} Nxc3 {[%emt 0:01:35]} 10. bxc3 {[%emt 0:00:07]} d6 {
[%emt 0:01:49]} 11. e4 {[%emt 0:07:28]} Nd7 {[%emt 0:03:04]} 12. Re1 {
[%emt 0:00:57]} e5 {[%emt 0:00:29]} 13. Rb1 {[%emt 0:06:11]} O-O {
[%emt 0:03:02]} 14. h3 {[%emt 0:13:19]} Rfe8 {[%emt 0:06:13]} 15. Bc2 {
[%emt 0:05:34]} Rad8 {[%emt 0:05:49]} 16. Nh2 {[%emt 0:06:32]} Qe6 {
[%emt 0:06:26]} 17. Bb3 {[%emt 0:15:03]} Qg6 {[%emt 0:04:25]} 18. f3 {
[%emt 0:04:08]} Nf6 {[%emt 0:05:23]} 19. Kh1 {[%emt 0:10:43]} Nh5 {
[%emt 0:05:15]} 20. Nf1 {[%emt 0:00:45]} Bc8 {[%emt 0:03:37]} 21. Rb2 {
[%emt 0:02:27]} Nf4 {[%emt 0:04:37]} 22. Kh2 {[%emt 0:07:38]} Qg5 {
[%emt 0:03:48]} 23. Qd2 {[%emt 0:05:23]} Re6 {[%emt 0:04:13]} 24. g3 {
[%emt 0:05:18]} Rh6 {[%emt 0:09:11]} 25. h4 {[%emt 0:06:01]} Qf6 {
[%emt 0:02:22]} 26. gxf4 {[%emt 0:05:34]} Qxh4+ {[%emt 0:00:23]} 27. Kg1 {
[%emt 0:00:36]} Rg6+ {[%emt 0:00:09]} 28. Ng3 {[%emt 0:00:23]} Qxg3+ {
[%emt 0:00:50]} 29. Kf1 {[%emt 0:00:15]} Qh3+ {[%emt 0:04:26]} 0-1

[Event "O pohar mesta Klatov C - memorial Jarom"]
[Site "Klatovy, Czech Republic"]
[Date "2025.06.28"]
[Round "1.4"]
[White "Kaderabek, Jiri"]
[Black "Titera, Libor"]
[Result "1/2-1/2"]
[WhiteElo "2045"]
[BlackElo "1844"]
[PlyCount "60"]
[EventDate "2025.06.28"]

1. Nf3 {[%emt 0:00:14]} d5 {[%emt 0:00:30]} 2. c4 {[%emt 0:00:04]} c6 {
[%emt 0:00:15]} 3. g3 {[%emt 0:01:33]} e6 {[%emt 0:01:00]} 4. Bg2 {
[%emt 0:00:07]} f5 {[%emt 0:00:06]} 5. b3 {[%emt 0:01:27]} Nf6 {[%emt 0:00:15]}
6. Bb2 {[%emt 0:00:31]} Bd6 {[%emt 0:02:16]} 7. Qc2 {[%emt 0:03:15]} O-O {
[%emt 0:01:52]} 8. O-O {[%emt 0:00:20]} Nbd7 {[%emt 0:03:20]} 9. Nc3 {
[%emt 0:02:51]} Ne5 {[%emt 0:05:14]} 10. cxd5 {[%emt 0:17:06]} Nxf3+ {
[%emt 0:01:48]} 11. Bxf3 {[%emt 0:00:34]} exd5 {[%emt 0:00:36]} 12. e3 {
[%emt 0:04:04]} Be6 {[%emt 0:09:48]} 13. Ne2 {[%emt 0:02:52]} Qd7 {
[%emt 0:04:54]} 14. Bg2 {[%emt 0:01:49]} Rac8 {[%emt 0:01:34]} 15. Nf4 {
[%emt 0:03:05]} Bxf4 {[%emt 0:03:15]} 16. gxf4 {[%emt 0:00:23]} c5 {
[%emt 0:04:02]} 17. Qd3 {[%emt 0:01:33]} Ne4 {[%emt 0:05:26]} 18. Rac1 {
[%emt 0:03:09]} Rfd8 {[%emt 0:08:15]} 19. Qe2 {[%emt 0:04:33]} Qf7 {
[%emt 0:03:04]} 20. Rc2 {[%emt 0:05:12]} Rc6 {[%emt 0:04:21]} 21. Kh1 {
[%emt 0:02:52]} Bc8 {[%emt 0:04:04]} 22. Rg1 {[%emt 0:01:52]} Nf6 {
[%emt 0:03:37]} 23. h3 {[%emt 0:06:23]} b6 {[%emt 0:01:06]} 24. b4 {
[%emt 0:04:34]} Bb7 {[%emt 0:03:29]} 25. bxc5 {[%emt 0:03:14]} bxc5 {
[%emt 0:04:39]} 26. Qb5 {[%emt 0:04:05]} Rb6 {[%emt 0:04:28]} 27. Qa5 {
[%emt 0:06:08]} d4 {[%emt 0:10:25]} 28. Kh2 {[%emt 0:01:48]} Bxg2 {
[%emt 0:07:40]} 29. Rxg2 {[%emt 0:00:11]} Rdb8 {[%emt 0:02:52]} 30. Bc1 {
[%emt 0:04:27]} Rb5 {[%emt 0:03:35]} 1/2-1/2

[Event "O pohar mesta Klatov C - memorial Jarom"]
[Site "Klatovy, Czech Republic"]
[Date "2025.06.28"]
[Round "1.5"]
[White "Halla, Jiri"]
[Black "Turner, Radek"]
[Result "1/2-1/2"]
[WhiteElo "1843"]
[BlackElo "2031"]
[PlyCount "29"]
[EventDate "2025.06.28"]

1. e4 {[%emt 0:06:24]} d5 {[%emt 0:00:10]} 2. exd5 {[%emt 0:00:09]} Qxd5 {
[%emt 0:00:07]} 3. Nc3 {[%emt 0:00:11]} Qa5 {[%emt 0:00:06]} 4. d4 {
[%emt 0:00:16]} Nf6 {[%emt 0:00:09]} 5. Nf3 {[%emt 0:03:34]} Bf5 {
[%emt 0:03:20]} 6. Bd3 {[%emt 0:01:50]} Bxd3 {[%emt 0:00:47]} 7. Qxd3 {
[%emt 0:00:13]} e6 {[%emt 0:00:27]} 8. O-O {[%emt 0:00:26]} Bb4 {[%emt 0:02:57]
} 9. Bd2 {[%emt 0:00:39]} c6 {[%emt 0:01:21]} 10. a3 {[%emt 0:00:34]} Bxc3 {
[%emt 0:00:38]} 11. Bxc3 {[%emt 0:00:31]} Qh5 {[%emt 0:00:40]} 12. Rfe1 {
[%emt 0:01:19]} Nbd7 {[%emt 0:02:17]} 13. Ne5 {[%emt 0:09:37]} Rd8 {
[%emt 0:03:36]} 14. Qg3 {[%emt 0:09:51]} Rg8 {[%emt 0:11:32]} 15. Nxd7 {
[%emt 0:08:50]} 1/2-1/2

[Event "O pohar mesta Klatov C - memorial Jarom"]
[Site "Klatovy, Czech Republic"]
[Date "2025.06.28"]
[Round "1.6"]
[White "Korsa, Jindrich"]
[Black "Vavrinek, Tomas"]
[Result "1-0"]
[WhiteElo "2021"]
[BlackElo "1839"]
[PlyCount "50"]
[EventDate "2025.06.28"]

1. e4 {[%emt 0:00:03]} c5 {[%emt 0:00:15]} 2. Nc3 {[%emt 0:00:16]} d6 {
[%emt 0:01:08]} 3. g4 {[%emt 0:00:28]} e5 {[%emt 0:02:30]} 4. d3 {
[%emt 0:00:31]} Be7 {[%emt 0:02:30]} 5. Bg2 {[%emt 0:00:32]} Nc6 {
[%emt 0:00:43]} 6. h3 {[%emt 0:00:44]} Be6 {[%emt 0:04:10]} 7. Nge2 {
[%emt 0:01:42]} Nd4 {[%emt 0:02:18]} 8. Ng3 {[%emt 0:01:27]} Rb8 {
[%emt 0:07:09]} 9. Nd5 {[%emt 0:02:10]} Bxd5 {[%emt 0:01:32]} 10. exd5 {
[%emt 0:00:02]} Nb5 {[%emt 0:40:26]} 11. O-O {[%emt 0:02:58]} g6 {
[%emt 0:01:08]} 12. f4 {[%emt 0:01:37]} Bh4 {[%emt 0:02:52]} 13. fxe5 {
[%emt 0:07:48]} dxe5 {[%emt 0:04:51]} 14. Ne4 {[%emt 0:02:52]} b6 {
[%emt 0:03:27]} 15. g5 {[%emt 0:15:06]} h6 {[%emt 0:02:48]} 16. Qg4 {
[%emt 0:01:36]} hxg5 {[%emt 0:01:48]} 17. Bxg5 {[%emt 0:00:41]} Bxg5 {
[%emt 0:00:47]} 18. Nxg5 {[%emt 0:00:07]} f5 {[%emt 0:03:53]} 19. Qg3 {
[%emt 0:04:26]} Qf6 {[%emt 0:03:20]} 20. Rae1 {[%emt 0:04:05]} Ne7 {
[%emt 0:06:34]} 21. Qxe5 {[%emt 0:08:28]} Qxe5 {[%emt 0:00:25]} 22. Rxe5 Kd7 {
[%emt 0:00:40]} 23. Rfe1 {[%emt 0:02:19]} Rbe8 {[%emt 0:02:04]} 24. a4 {
[%emt 0:01:48]} Nc7 {[%emt 0:01:42]} 25. d6 {[%emt 0:02:41]} Kd8 {
[%emt 0:05:30]} 1-0

[Event "O pohar mesta Klatov C - memorial Jarom"]
[Site "Klatovy, Czech Republic"]
[Date "2025.06.28"]
[Round "1.7"]
[White "Novak, Vaclav"]
[Black "Ondrejat, Miroslav"]
[Result "1/2-1/2"]
[WhiteElo "1837"]
[BlackElo "2012"]
[PlyCount "40"]
[EventDate "2025.06.28"]

1. e4 {[%emt 0:00:04]} c5 {[%emt 0:00:09]} 2. Nf3 {[%emt 0:00:09]} d6 {
[%emt 0:00:34]} 3. Nc3 {[%emt 0:04:15]} g6 {[%emt 0:04:33]} 4. d3 {
[%emt 0:01:15]} Bg7 {[%emt 0:00:27]} 5. Be2 {[%emt 0:00:15]} Nc6 {
[%emt 0:00:10]} 6. O-O {[%emt 0:00:49]} e6 {[%emt 0:02:02]} 7. Re1 {
[%emt 0:02:20]} Rb8 {[%emt 0:04:23]} 8. Bf1 {[%emt 0:02:35]} b5 {[%emt 0:04:55]
} 9. d4 {[%emt 0:02:18]} b4 {[%emt 0:04:03]} 10. Ne2 {[%emt 0:01:00]} cxd4 {
[%emt 0:13:31]} 11. Nexd4 {[%emt 0:00:41]} Nxd4 {[%emt 0:05:00]} 12. Nxd4 {
[%emt 0:00:19]} Bd7 {[%emt 0:00:07]} 13. Be3 {[%emt 0:03:28]} Ne7 {
[%emt 0:03:58]} 14. a3 {[%emt 0:06:29]} O-O {[%emt 0:11:07]} 15. axb4 {
[%emt 0:01:19]} Rxb4 {[%emt 0:00:16]} 16. Rxa7 {[%emt 0:00:50]} Nc6 {
[%emt 0:04:06]} 17. Nxc6 {[%emt 0:05:01]} Bxc6 {[%emt 0:00:02]} 18. b3 {
[%emt 0:02:33]} Rxe4 {[%emt 0:13:21]} 19. Ra6 {[%emt 0:02:00]} Qc7 {
[%emt 0:12:36]} 20. Ra7 Qc8 {[%emt 0:00:26]} 1/2-1/2

[Event "O pohar mesta Klatov C - memorial Jarom"]
[Site "Klatovy, Czech Republic"]
[Date "2025.06.28"]
[Round "1.9"]
[White "Fiser, Jiri"]
[Black "Novotny, Jaroslav"]
[Result "1/2-1/2"]
[WhiteElo "1821"]
[BlackElo "1946"]
[PlyCount "73"]
[EventDate "2025.06.28"]

1. e4 c5 2. Nf3 d6 3. d4 cxd4 4. Nxd4 Nf6 5. Nc3 a6 6. Be3 e5 7. Nb3 Be7 8. f4
exf4 9. Bxf4 Nc6 10. Qd2 O-O 11. O-O-O Ne5 12. Be2 b5 13. Bf3 Bb7 14. Qe2 Qc7
15. Rhe1 Rac8 16. Kb1 Rfd8 17. Nd4 g6 18. g4 b4 19. Nd5 Nxd5 20. exd5 Bf6 21.
Bxe5 Bxe5 22. Nc6 Re8 23. Nxe5 Rxe5 24. Qf2 Rce8 25. Rxe5 Rxe5 26. Qd4 a5 27.
c4 bxc3 28. bxc3 Ba6 29. Kc2 Bc4 30. a3 a4 31. Kd2 Bb3 32. Re1 Rxe1 33. Kxe1
Qe7+ 34. Kf2 f6 35. h4 Qe5 36. Qxe5 fxe5 37. Ke3 1/2-1/2

[Event "O pohar mesta Klatov C - memorial Jarom"]
[Site "Klatovy, Czech Republic"]
[Date "2025.06.28"]
[Round "1.10"]
[White "Sedlak, Ludek"]
[Black "Cecil, Pavel"]
[Result "1-0"]
[WhiteElo "1937"]
[BlackElo "1820"]
[PlyCount "56"]
[EventDate "2025.06.28"]

1. e4 e6 2. d4 d5 3. e5 c5 4. c3 Qb6 5. Nf3 Bd7 6. a3 cxd4 7. cxd4 Nc6 8. Nc3
a6 9. b4 Na7 10. Bd3 Bb5 11. O-O Rc8 12. Bb2 Ne7 13. Re1 Bxd3 14. Qxd3 Nf5 15.
Nxd5 Qb5 16. Qxb5+ Nxb5 17. Ne3 Nxe3 18. fxe3 Be7 19. Rec1 Kd7 20. e4 Rxc1+ 21.
Rxc1 Rc8 22. Rxc8 Kxc8 23. d5 Bd8 24. a4 Bb6+ 25. Kf1 Nc7 26. d6 Ne8 27. Ng5
Kd7 28. Nxf7 h6 1-0

[Event "O pohar mesta Klatov C - memorial Jarom"]
[Site "Klatovy, Czech Republic"]
[Date "2025.06.28"]
[Round "1.11"]
[White "Novotny, Jaromir"]
[Black "Andersen, Jorgen M"]
[Result "1/2-1/2"]
[WhiteElo "1765"]
[BlackElo "1928"]
[PlyCount "41"]
[EventDate "2025.06.28"]

1. e4 c6 2. d4 d5 3. e5 Bf5 4. Ne2 e6 5. Ng3 Bg6 6. h4 h6 7. h5 Bh7 8. Bd3 Bxd3
9. cxd3 Qb6 10. Be3 Qxb2 11. Nd2 Qc3 12. O-O Qxd3 13. Rb1 b6 14. Qa4 Qa6 15.
Qc2 Be7 16. Nf3 Bf8 17. Rfc1 Ne7 18. Nh4 Qc8 19. Qa4 Qd8 20. Qc2 Nc8 21. Nf3
1/2-1/2

[Event "O pohar mesta Klatov C - memorial Jarom"]
[Site "Klatovy, Czech Republic"]
[Date "2025.06.28"]
[Round "1.12"]
[White "Hlavac, Rudolf"]
[Black "Navratilova, Alena"]
[Result "1-0"]
[WhiteElo "1923"]
[BlackElo "1755"]
[PlyCount "43"]
[EventDate "2025.06.28"]

1. e4 e6 2. d4 d5 3. Nd2 dxe4 4. Nxe4 h6 5. Nf3 Nd7 6. Bd3 Ngf6 7. O-O Nxe4 8.
Bxe4 Nf6 9. Bd3 Bd6 10. c4 c5 11. dxc5 Bxc5 12. b4 Bb6 13. Bb2 O-O 14. Qe2 Re8
15. Rad1 Qe7 16. a3 Bc7 17. Rfe1 Rb8 18. Nd4 a6 19. Nf5 Qf8 20. Nxh6+ Kh8 21.
Ng4 Nxg4 22. Qxg4 1-0

[Event "O pohar mesta Klatov C - memorial Jarom"]
[Site "Klatovy, Czech Republic"]
[Date "2025.06.28"]
[Round "1.13"]
[White "Svec, Ludek"]
[Black "Zidu, Jan"]
[Result "0-1"]
[WhiteElo "1755"]
[BlackElo "1922"]
[PlyCount "78"]
[EventDate "2025.06.28"]

1. d4 Nf6 2. c4 e6 3. Nf3 d5 4. g3 Nbd7 5. Bg2 Bb4+ 6. Bd2 Be7 7. Nc3 c6 8. Qb3
Qb6 9. O-O O-O 10. c5 Qxb3 11. axb3 e5 12. e3 Ne4 13. b4 Bf6 14. Rfd1 Re8 15.
Bh3 Nxc3 16. bxc3 e4 17. Ne1 a6 18. Rdb1 Nf8 19. Bxc8 Raxc8 20. Kg2 Bg5 21. Nc2
h5 22. Rf1 Nh7 23. h3 Re6 24. Kh2 Rce8 25. Ne1 Bh6 26. Ng2 Ng5 27. Ne1 Rf6 28.
Rd1 Ree6 29. Ra1 Rf5 30. Rd1 Ref6 31. Kg2 Nf3 32. Nxf3 Rxf3 33. Bc1 Rg6 34. Kh2
Bg5 35. Kg2 Bd8 36. Bd2 h4 37. Be1 Bc7 38. Rd2 hxg3 39. fxg3 Bxg3 0-1

[Event "O pohar mesta Klatov C - memorial Jarom"]
[Site "Klatovy, Czech Republic"]
[Date "2025.06.28"]
[Round "1.14"]
[White "Navratil, Jiri"]
[Black "Macoun, Jiri"]
[Result "1-0"]
[WhiteElo "1913"]
[BlackElo "1747"]
[PlyCount "63"]
[EventDate "2025.06.28"]

1. d4 d5 2. Nf3 Nf6 3. Bf4 e6 4. c3 h6 5. Nbd2 Bd6 6. Ne5 Nbd7 7. e3 a6 8. Bd3
Qe7 9. O-O Nb6 10. a4 a5 11. h3 Bxe5 12. Bxe5 c6 13. e4 Nbd7 14. Bg3 dxe4 15.
Nxe4 Nxe4 16. Bxe4 Nf6 17. Bc2 Qd7 18. Be5 Qe7 19. Qf3 Bd7 20. Rfe1 Rc8 21. Re2
b6 22. Rd1 Rg8 23. Bb3 Nd5 24. c4 Nf6 25. d5 cxd5 26. cxd5 Nh7 27. dxe6 fxe6
28. Qd3 Nf8 29. Bd6 Qg5 30. Bxf8 Bc6 31. Rxe6+ Kxf8 32. Qd6+ 1-0

[Event "O pohar mesta Klatov C - memorial Jarom"]
[Site "Klatovy, Czech Republic"]
[Date "2025.06.28"]
[Round "1.15"]
[White "Novy, Jaroslav"]
[Black "Pribyl, Rene"]
[Result "0-1"]
[WhiteElo "1744"]
[BlackElo "1905"]
[PlyCount "58"]
[EventDate "2025.06.28"]

1. e4 e5 2. Nf3 Nf6 3. Bc4 Nxe4 4. Nc3 Nxc3 5. dxc3 f6 6. O-O c6 7. Nh4 d5 8.
Qh5+ g6 9. Nxg6 hxg6 10. Qxh8 dxc4 11. Bh6 Qe7 12. Rad1 Nd7 13. Rd2 Qf7 14.
Rfd1 Ke7 15. Bxf8+ Nxf8 16. Rd8 b5 17. R1d6 Bb7 18. Rxa8 Bxa8 19. Rd2 Qh7 20.
Qxh7+ Nxh7 21. f3 f5 22. Kf2 Nf6 23. Rd1 c5 24. b3 Nd5 25. bxc4 Nxc3 26. Rd3 b4
27. a3 a5 28. Ke1 e4 29. Re3 f4 0-1

[Event "O pohar mesta Klatov C - memorial Jarom"]
[Site "Klatovy, Czech Republic"]
[Date "2025.06.28"]
[Round "1.16"]
[White "Skopec, Lubos"]
[Black "Truksa, Vaclav"]
[Result "1/2-1/2"]
[WhiteElo "1905"]
[BlackElo "1742"]
[PlyCount "53"]
[EventDate "2025.06.28"]

1. e4 c5 2. c3 e6 3. d4 Nf6 4. e5 Nd5 5. Nf3 Nc6 6. Bc4 Nb6 7. Bb3 d6 8. dxc5
dxc5 9. Qxd8+ Nxd8 10. O-O Be7 11. Nbd2 Bd7 12. Ne4 Bc6 13. Bc2 h6 14. Be3 Rc8
15. Rad1 Nc4 16. Bc1 Bxe4 17. Bxe4 Nc6 18. Rfe1 Rc7 19. Bb1 b5 20. b3 Nb6 21.
Be4 O-O 22. Be3 g5 23. h3 Rd8 24. Rxd8+ Nxd8 25. Rd1 Nc6 26. g4 Kg7 27. Kg2
1/2-1/2

[Event "O pohar mesta Klatov C - memorial Jarom"]
[Site "Klatovy, Czech Republic"]
[Date "2025.06.28"]
[Round "1.17"]
[White "Malik, Zdenek"]
[Black "Danek, Vaclav"]
[Result "0-1"]
[WhiteElo "1715"]
[BlackElo "1904"]
[PlyCount "88"]
[EventDate "2025.06.28"]

1. e4 d6 2. d4 Nf6 3. Bd3 e5 4. Nf3 Nbd7 5. c4 Be7 6. b3 exd4 7. Nxd4 Nc5 8.
Nc3 Nxd3+ 9. Qxd3 O-O 10. Bb2 Ng4 11. Nf3 Bf6 12. h3 Ne5 13. Nxe5 Bxe5 14. Nd1
Qe7 15. O-O Bxb2 16. Nxb2 Qe5 17. Na4 Bd7 18. Nc3 Rad8 19. Rad1 Bc6 20. Rfe1
Qg5 21. Nd5 Bxd5 22. exd5 Rde8 23. Re3 Rxe3 24. Qxe3 Qxe3 25. fxe3 Re8 26. Kf2
f5 27. Rd4 Kf7 28. Kf3 g5 29. g3 h5 30. Kf2 Kf6 31. b4 Re4 32. Rxe4 fxe4 33.
Ke2 Ke5 34. g4 hxg4 35. hxg4 b5 36. Kd2 bxc4 37. Kc3 Kxd5 38. a3 a6 39. Kb2 Ke5
40. Kc3 d5 41. a4 c6 42. a5 Kd6 43. Kd4 c5+ 44. bxc5+ Kc6 0-1

[Event "O pohar mesta Klatov C - memorial Jarom"]
[Site "Klatovy, Czech Republic"]
[Date "2025.06.28"]
[Round "1.18"]
[White "Burianek, Petr"]
[Black "Hanzlik, Jiri"]
[Result "1-0"]
[WhiteElo "1901"]
[BlackElo "1688"]
[PlyCount "31"]
[EventDate "2025.06.28"]

1. e4 e5 2. Nf3 d6 3. Bc4 h6 4. d4 exd4 5. Nxd4 Bd7 6. O-O Be7 7. Nc3 Nf6 8.
Re1 Nc6 9. Be3 Ne5 10. Bb3 Nc6 11. a3 Qc8 12. Nd5 Nxd5 13. exd5 Ne5 14. c3 O-O
15. Bc2 Nc4 16. Qd3 1-0

[Event "O pohar mesta Klatov C - memorial Jarom"]
[Site "Klatovy, Czech Republic"]
[Date "2025.06.28"]
[Round "1.19"]
[White "Slegl, Milan"]
[Black "Tvrdy, Jindrich"]
[Result "0-1"]
[WhiteElo "1639"]
[BlackElo "1893"]
[PlyCount "120"]
[EventDate "2025.06.28"]

1. d4 Nf6 2. c4 d6 3. Nf3 Nbd7 4. Nc3 e5 5. dxe5 dxe5 6. Bg5 Be7 7. e3 c6 8.
Be2 Qc7 9. Qc2 Nf8 10. h3 Bd7 11. O-O h6 12. Bh4 g5 13. Bg3 Ng6 14. Bd3 Rg8 15.
Rad1 Bd6 16. Ne4 Nxe4 17. Bxe4 g4 18. hxg4 Bxg4 19. c5 Bxf3 20. cxd6 Bxd1 21.
Rxd1 Qb6 22. d7+ Kf8 23. Rd6 Ke7 24. Qd2 Qc7 25. Rd3 Rad8 26. Bf5 f6 27. Qb4+
Kf7 28. Qc4+ Kg7 29. Qe6 Rgf8 30. Rd4 h5 31. Rd3 Rf7 32. Qc4 Rfxd7 33. Bxd7
Rxd7 34. f3 Qd8 35. Rxd7+ Qxd7 36. Qe2 Qd5 37. b3 b5 38. Bf2 e4 39. Be1 exf3
40. Qxf3 Qxf3 41. gxf3 Ne5 42. Kg2 Kg6 43. Bg3 Nd3 44. Bd6 Nc1 45. a4 Nxb3 46.
axb5 cxb5 47. Kf2 Kf7 48. Ke2 Ke6 49. Bg3 a5 50. Kd3 Nc5+ 51. Kd4 Nd7 52. Bc7
h4 53. Bxa5 h3 54. Bc7 Ne5 55. f4 h2 56. fxe5 fxe5+ 57. Bxe5 h1=Q 58. Bf4 Qd5+
59. Kc3 Qc4+ 60. Kb2 Kd5 0-1

[Event "O pohar mesta Klatov C - memorial Jarom"]
[Site "Klatovy, Czech Republic"]
[Date "2025.06.28"]
[Round "1.20"]
[White "Kovar, Petr"]
[Black "Tomecek, Marian"]
[Result "1-0"]
[WhiteElo "1887"]
[BlackElo "1566"]
[PlyCount "85"]
[EventDate "2025.06.28"]

1. c4 e5 2. Nc3 Nf6 3. g3 Be7 4. Bg2 O-O 5. Nf3 c6 6. Nxe5 d5 7. cxd5 cxd5 8.
d4 Be6 9. Qb3 b6 10. O-O Qc7 11. Nxd5 Bxd5 12. Bxd5 Nxd5 13. Qxd5 Na6 14. Bf4
Qc2 15. Qc4 Nb4 16. Qxc2 Nxc2 17. Rad1 Rad8 18. Nc6 Bd6 19. Nxd8 Bxf4 20. gxf4
Rxd8 21. Kg2 Kf8 22. a3 Nxd4 23. e3 Ne6 24. Rxd8+ Nxd8 25. Rd1 Ke7 26. Kf3 g6
27. Rxd8 Kxd8 28. Ke4 Ke7 29. Kd5 Kf6 30. e4 g5 31. fxg5+ Kxg5 32. Ke5 f6+ 33.
Ke6 h5 34. e5 fxe5 35. Kxe5 Kg4 36. f4 Kh3 37. f5 Kxh2 38. f6 h4 39. f7 Kg2 40.
f8=Q h3 41. Qa8+ Kg1 42. Qxa7 h2 43. Qxb6+ 1-0

[Event "O pohar mesta Klatov C - memorial Jarom"]
[Site "Klatovy, Czech Republic"]
[Date "2025.06.28"]
[Round "1.21"]
[White "Stanke, Vilem"]
[Black "Pavlicek, Petr"]
[Result "0-1"]
[WhiteElo "1540"]
[BlackElo "1879"]
[PlyCount "46"]
[EventDate "2025.06.28"]

1. e4 c5 2. Nf3 d6 3. d4 cxd4 4. Nxd4 Nf6 5. Nc3 a6 6. Bd3 e5 7. Nf3 Be7 8. Be3
Nbd7 9. Qd2 Qc7 10. O-O b5 11. Bg5 Bb7 12. a3 O-O 13. Rac1 Rfe8 14. Rfe1 Rac8
15. Re2 Nc5 16. Bxf6 Bxf6 17. Nd5 Bxd5 18. exd5 Nb3 19. Qd1 Nxc1 20. Qxc1 Qc5
21. Be4 g6 22. c3 Bg7 23. Rd2 Bh6 0-1